| 000 | 00347nam a2200145Ia 4500 | ||
|---|---|---|---|
| 008 | 180730s9999||||xx |||||||||||||| ||und|| | ||
| 020 | _aN/A | ||
| 082 |
_a791.433 _bSON/H |
||
| 100 | _aSonie, Subhash C. | ||
| 245 | 0 | _aHot Career in Animation | |
| 250 | _a3rd Edition | ||
| 260 |
_aDelhi _bStudent Aid Pub. _c2010 |
||
| 300 | _a163p. | ||
| 942 | _aBK | ||
| 999 |
_c2217 _d2217 |
||